| 000 | 00819nam a2200277Ia 4500 | ||
|---|---|---|---|
| 003 | OSt | ||
| 005 | 20221006153608.0 | ||
| 006 | a|||||r|||| 00| 0 | ||
| 007 | ta | ||
| 008 | 221006b |||||||| |||| 00| 0 eng d | ||
| 020 |
_a1565911512 _cW 15,000 |
||
| 024 | _a32,800 | ||
| 037 |
_bGift, 29/11/2007, Korean Embassy _cTextual |
||
| 040 |
_aEASL _cEASL _beng |
||
| 041 |
_2eng _aeng |
||
| 082 | _aP495, P0 | ||
| 100 |
_aArguelles Alexander Au. _9664586 |
||
| 245 | 0 | _aApproach to Korean Language | |
| 260 |
_aNew Jersey _bHollym USA _c2000 |
||
| 300 |
_a318p. _ccm. |
||
| 490 | _v KEL | ||
| 650 | _aLinguistics | ||
| 700 |
_a Kim Jong-Rok Au. _9664587 |
||
| 942 |
_hP495, P0 _cTEXL _2CC |
||
| 999 |
_c1100886 _d1100886 |
||